000 nam a22 a 4500
999 _c447610
_d447610
003 BLK
005 20220308135633.0
008 180409b bul|||||r ||||||| ||bul||
010 _aKNG00105577000
040 _aBLK
041 _aBUL
_cBUL
080 _aБългарска литература
_b821.163.2
_x-8(062)
_z821.163.2-8(062)
139 _aЛитературен сборник
_bЛ 69
245 1 0 _aЛитературен сборник
_b136 г. училище "Баба Тонка"
_cсъстав. Анка Спасова и др.
_h[Малотир. изд.]
257 _aBGR
260 _aРусе
_bб. и.
_c2000
_fРусе : Авангардпринт ООД
_9441842
300 _a52 с.
_bс ил.
_c20 см
380 _aX
500 _aДр. състав.: Валя Данчева, Весела Николова, Ася Кулева, Мария Мустакова
700 1 _aСпасова, Анка
_eсъстав.
_9374392
852 _bК
_cК 821.163.2/Л 69
856 4 _qpdf
856 4 _qpdf
942 _cKNG
_n0
_s1
944 _aCR
_c2022-03-08
_kВЙ